[Event "Open Est 2015-2016"]
[Site "Aubagne"]
[Date "2015.09.26"]
[Round "2.16"]
[White "Boudet, Nicole"]
[Black "San-Nicolas, Robert"]
[Result "0-1"]
[WhiteElo "1170"]
[BlackElo "1412"]
[PlyCount "78"]
[EventDate "2015.10.10"]
[WhiteTeam "Cercle d'Echecs Aubagnais"]
[BlackTeam "Cercle d'Echecs Aubagnais"]

1. e4 e6 2. d4 d5 3. e5 c5 4. c3 Nc6 5. Nf3 Qb6 6. a3 c4 7. b4 cxb3 8. Bb2 Na5
9. Bd3 Nc4 10. Bxc4 dxc4 11. O-O Ne7 12. Nbd2 Qc6 13. Re1 b5 14. Ne4 Bb7 15.
Nd6+ Kd7 16. Nxf7 Rg8 17. Nd6 g5 18. Qd2 h6 19. Ne4 Nd5 20. Nf6+ Nxf6 21. exf6
Kc7 22. Re5 Rg6 23. d5 exd5 24. Nd4 Qd7 25. Ne6+ Kd6 26. Qd4 Rxf6 27. Nc5 Qc6
28. Rd1 Qxc5 29. a4 Qxd4 30. cxd4 b4 31. Rc1 Bc6 32. Kf1 Rb8 33. Ke1 c3 34.
Bxc3 bxc3 35. Rxc3 b2 36. Kd2 b1=Q 37. Re1 Rxf2+ 38. Re2 Rb2+ 39. Ke3 Rbxe2#
0-1

[Event "Open Est 2015-2016"]
[Site "Aubagne"]
[Date "2015.09.26"]
[Round "2.17"]
[White "Shah, Darshan"]
[Black "Auroux, William"]
[Result "0-1"]
[WhiteElo "1399"]
[BlackElo "1099"]
[PlyCount "100"]
[EventDate "2015.10.10"]
[WhiteTeam "L'Echiquier du Roy René"]
[BlackTeam "Club Provence Echecs"]

1. e4 e5 2. Nf3 Nf6 3. Nc3 Bb4 4. Nxe5 d6 5. Nf3 Bxc3 6. bxc3 Nxe4 7. Bc4 O-O
8. O-O Nf6 9. d4 d5 10. Bb3 Re8 11. Bg5 Nbd7 12. Re1 Rxe1+ 13. Qxe1 h6 14. Bh4
b6 15. Bxd5 Rb8 16. c4 Bb7 17. Rb1 Bxd5 18. cxd5 Qe8 19. Bg3 Nxd5 20. c4 Qxe1+
21. Rxe1 N5f6 22. Re7 Rc8 23. Ne5 Nxe5 24. Bxe5 Ne8 25. Bg3 Kf8 26. Re4 c5 27.
d5 Rd8 28. h4 a6 29. a4 Nd6 30. Bxd6+ Rxd6 31. Re5 f6 32. Rf5 Kf7 33. h5 g6 34.
hxg6+ Kxg6 35. g4 Rd7 36. f3 Re7 37. Kf2 Re8 38. d6 Rd8 39. Rd5 Kf7 40. Ke3 Ke6
41. Ke4 Rxd6 42. Rxd6+ Kxd6 43. Kf5 b5 44. cxb5 axb5 45. axb5 c4 46. b6 c3 47.
b7 Kc7 48. Kxf6 c2 49. Kg6 c1=Q 50. Kh5 Qg5# 0-1

[Event "Open Est 2015-2016"]
[Site "Aubagne"]
[Date "2015.09.26"]
[Round "2.18"]
[White "Timoner, Genevieve"]
[Black "Gamblin, Antoine"]
[Result "0-1"]
[WhiteElo "1050"]
[BlackElo "1394"]
[PlyCount "68"]
[EventDate "2015.10.10"]
[WhiteTeam "Club d'Echecs Pennois (CEP)"]
[BlackTeam "Marseille Echecs"]

1. c4 e5 2. Nc3 Nf6 3. d3 d5 4. cxd5 Nxd5 5. Bd2 Be6 6. Nf3 Nc6 7. g3 Bc5 8.
Bg2 h6 9. O-O O-O 10. Ne4 Bb6 11. Qc2 Qe7 12. b3 Nd4 13. Nxd4 Bxd4 14. e3 Bxa1
15. Rxa1 c6 16. f4 exf4 17. exf4 Rad8 18. a3 Qc7 19. d4 Qb6 20. Nc5 Nf6 21. Be3
Nd7 22. b4 Nxc5 23. dxc5 Qc7 24. Qc3 Bd5 25. Kf2 Bxg2 26. Bc1 Bh3 27. Bb2 f6
28. Qc4+ Qf7 29. Qe4 Qd5 30. Qg6 Qg2+ 31. Ke3 Rfe8+ 32. Be5 fxe5 33. f5 Qd2+
34. Ke4 Bg2# 0-1

[Event "Open Est 2015-2016"]
[Site "Aubagne"]
[Date "2015.09.26"]
[Round "2.19"]
[White "Besucco, Guy"]
[Black "Sautreuil, Celia"]
[Result "1-0"]
[WhiteElo "1390"]
[BlackElo "1040"]
[PlyCount "125"]
[EventDate "2015.10.10"]
[WhiteTeam "La Ciotat Echecs (LCE)"]
[BlackTeam "La Ciotat Echecs (LCE)"]

1. f4 Nf6 2. Nf3 g6 3. b3 Bg7 4. Bb2 d6 5. e3 Nbd7 6. d3 a6 7. Be2 b6 8. O-O b5
9. a3 Rg8 10. h3 Bb7 11. Qe1 h6 12. g4 Bh8 13. Qh4 h5 14. g5 Nd5 15. Bxh8 Rxh8
16. Qf2 f6 17. Nd4 c5 18. Ne6 Qc8 19. Ng7+ Kd8 20. gxf6 Qc6 21. fxe7+ Nxe7 22.
e4 Nf5 23. Nxf5 gxf5 24. Bf3 Rg8+ 25. Kh2 Kc7 26. Nc3 Qb6 27. e5 Qa7 28. Nd5+
Kd8 29. Qh4+ Kc8 30. Ne7+ Kc7 31. Nxg8 Rxg8 32. Qe7 Qa8 33. Rg1 Bxf3 34. Rxg8
Qxg8 35. Rg1 Qd5 36. e6 Qc6 37. Rg7 Bh1 38. Qxd7+ Kb6 39. Qxc6+ Bxc6 40. e7 a5
41. Rg6 Kc7 42. Rf6 a4 43. Rf7 Kb6 44. Rf6 axb3 45. cxb3 Kc7 46. Rxf5 Be8 47.
Rg5 Kd7 48. Rg7 d5 49. f5 c4 50. bxc4 dxc4 51. dxc4 bxc4 52. f6 c3 53. Rg2 Ke6
54. Rf2 Bg6 55. Re2+ Kd7 56. Re1 h4 57. a4 Bh5 58. Rc1 Ke6 59. Rxc3 Kxf6 60.
Rc7 Be8 61. a5 Ke6 62. a6 Kd6 63. a7 1-0

[Event "Open Est 2015-2016"]
[Site "Aubagne"]
[Date "2015.09.26"]
[Round "2.20"]
[White "Foresti, Stephane"]
[Black "Herbulot, Thomas"]
[Result "1-0"]
[WhiteElo "1292"]
[BlackElo "1120"]
[PlyCount "52"]
[EventDate "2015.10.10"]
[WhiteTeam "Sanary Echecs"]
[BlackTeam "Club Provence Echecs"]

1. d4 d5 2. c4 dxc4 3. Nc3 e6 4. Nf3 Nf6 5. Bg5 c5 6. dxc5 Bxc5 7. Qxd8+ Kxd8
8. O-O-O+ Ke7 9. e4 Nc6 10. e5 Nxe5 11. Nxe5 Bxf2 12. Bxc4 Rd8 13. Rxd8 Kxd8
14. Nxf7+ Ke8 15. Nd6+ Ke7 16. Nxc8+ Rxc8 17. Bb3 e5 18. Kb1 h6 19. Bxf6+ gxf6
20. Nd5+ Kd6 21. Rd1 Bh4 22. Nb6+ Kc7 23. Nxc8 Kxc8 24. Rd3 e4 25. Be6+ Kc7 26.
Re3 Bg5 1-0

[Event "Open Est 2015-2016"]
[Site "Aubagne"]
[Date "2015.09.26"]
[Round "2.21"]
[White "Benvenuto, Richard"]
[Black "Strate, Francois"]
[Result "0-1"]
[WhiteElo "1254"]
[BlackElo "1372"]
[PlyCount "70"]
[EventDate "2015.10.10"]
[WhiteTeam "La Ciotat Echecs (LCE)"]
[BlackTeam "Sanary Echecs"]

1. b3 e5 2. Bb2 Nc6 3. e3 Nf6 4. c4 d6 5. g3 Bf5 6. Bg2 Nb4 7. Kf1 Nc2 8. d3
Nxa1 9. Bxb7 Rb8 10. Bc6+ Bd7 11. Bg2 Nxb3 12. axb3 Be7 13. Nd2 O-O 14. Ne4
Nxe4 15. Bxe4 f5 16. Bd5+ Kh8 17. Bg2 Qe8 18. h4 Bc6 19. d4 Bxg2+ 20. Kxg2 Qc6+
21. Nf3 Bf6 22. d5 Qb7 23. Ng5 g6 24. Ne6 Rfe8 25. h5 Rxe6 26. hxg6 Re7 27. Qh5
c6 28. Qxf5 Rf8 29. f4 cxd5 30. fxe5 dxe5 31. Bxe5 Rxe5 32. Rxh7+ Qxh7 33. Qf4
Qxg6 34. cxd5 Rxd5 35. Qb4 Rfd8 0-1

[Event "Open Est 2015-2016"]
[Site "Aubagne"]
[Date "2015.09.26"]
[Round "2.22"]
[White "Borrini, Rodrigue"]
[Black "Berteaud, Esteban"]
[Result "1-0"]
[WhiteElo "1125"]
[BlackElo "1340"]
[PlyCount "117"]
[EventDate "2015.10.10"]
[WhiteTeam "L'Echiquier du Roy René"]
[BlackTeam "L'Echiquier du Roy René"]

1. e4 e5 2. Nf3 Nc6 3. Bc4 Bc5 4. d3 Nf6 5. Nc3 O-O 6. Bg5 Nd4 7. O-O d6 8. h3
h6 9. Bh4 Qe7 10. Nd5 Qd8 11. Nxd4 Bxd4 12. c3 Bc5 13. Qf3 c6 14. Nxf6+ gxf6
15. Qxf6 Qxf6 16. Bxf6 b6 17. d4 exd4 18. cxd4 Bb4 19. Rad1 b5 20. Bb3 d5 21.
exd5 cxd5 22. Bxd5 Rb8 23. Be5 Rb6 24. a3 Bd6 25. Bxd6 Rxd6 26. Ba2 Rg6 27. Rd3
b4 28. Rg3 bxa3 29. Rxg6+ Kh7 30. Rf6 Kg8 31. Rd1 axb2 32. Rd3 Kg7 33. Rff3 Bb7
34. Rf4 b1=Q+ 35. Bxb1 Rd8 36. Ba2 f6 37. d5 Bc6 38. Rc4 Bxd5 39. Rc7+ Kf8 40.
Rxd5 Rxd5 41. Bxd5 Ke8 42. Rxa7 Kf8 43. Bg8 Kxg8 44. f4 Kf8 45. h4 Kg8 46. g4
f5 47. g5 hxg5 48. hxg5 Kf8 49. Kf2 Kg8 50. Ke3 Kf8 51. Kd4 Ke8 52. Ke5 Kd8 53.
Ke6 Kc8 54. Kd6 Kb8 55. Rh7 Kc8 56. Rg7 Kb8 57. Kc6 Ka8 58. Kb6 Kb8 59. Rg8#
1-0

[Event "Open Est 2015-2016"]
[Site "Aubagne"]
[Date "2015.09.26"]
[Round "2.23"]
[White "Aghababian, Arthur"]
[Black "Evanno, Georges"]
[Result "1-0"]
[WhiteElo "1369"]
[BlackElo "1200"]
[PlyCount "97"]
[EventDate "2015.10.10"]
[WhiteTeam "Sanary Echecs"]
[BlackTeam "Cercle d'Echecs Aubagnais"]

1. e4 e5 2. Nf3 d6 3. h3 Nf6 4. d3 Be7 5. Nc3 c6 6. Bd2 O-O 7. Be2 a6 8. g4
Nbd7 9. Qc1 d5 10. g5 d4 11. Nd1 Nh5 12. h4 f6 13. Nh2 Nf4 14. Bxf4 exf4 15.
gxf6 Bxf6 16. Nf3 Be5 17. b3 Qe7 18. Qd2 c5 19. Nb2 b5 20. O-O-O Bc7 21. Qe1
Ne5 22. Qg1 Bg4 23. Nxe5 Bxe2 24. Re1 f3 25. Ng4 Bf4+ 26. Kb1 Qd6 27. h5 Ra7
28. h6 Raf7 29. Rh5 Bd2 30. Ne5 Bxh6 31. Nxf7 Rxf7 32. Qg4 a5 33. Reh1 Qf4 34.
Qc8+ Rf8 35. Qxc5 Qf7 36. Rf5 Qe8 37. Rfh5 Qg6 38. Qxd4 Rc8 39. Qd5+ Kh8 40.
Qxb5 Qf6 41. Re5 Qg6 42. Reh5 Qf6 43. e5 Qf4 44. Nc4 Qd4 45. R5h2 Bxd3 46. Rd1
Bxc2+ 47. Kxc2 Qe4+ 48. Kc3 Qe2 49. Rd3 1-0

[Event "Open Est 2015-2016"]
[Site "Aubagne"]
[Date "2015.09.26"]
[Round "2.24"]
[White "Lognos, Lina"]
[Black "Brongers, Claudine"]
[Result "1/2-1/2"]
[WhiteElo "1088"]
[BlackElo "1282"]
[PlyCount "87"]
[EventDate "2015.10.10"]
[WhiteTeam "Cercle d'Echecs Aubagnais"]
[BlackTeam "Sanary Echecs"]

1. f4 d5 2. Nf3 Nc6 3. e3 Nf6 4. Bb5 Bd7 5. b3 e6 6. Bb2 a6 7. Bxc6 Bxc6 8. O-O
Bc5 9. Ne5 Qd6 10. Nxc6 (10. d4 Bb6 11. Ba3 {semble plus actif}) 10... Qxc6 11.
d3 {Q en f3 protége Pe3} Bxe3+ 12. Kh1 d4 13. Nd2 b5 14. Nf3 Qd5 15. c3 c5 16.
Ne1 (16. Ne5 {semble mieux}) (16. c4 {avoir}) 16... O-O 17. Nc2 a5 18. Qe1 Ng4
19. Nxe3 Nxe3 20. Rf2 f5 21. c4 Qd7 22. Bc1 Ng4 23. Re2 Rfe8 24. cxb5 $2 Qd6 (
24... Qxb5 25. Rxe6 Kf7 26. Rxe8 Rxe8) 25. a4 Qd5 26. h3 Nf6 27. Ba3 Nd7 28.
Rc1 Kf7 29. Rc4 Rec8 30. Qf2 Nb6 31. Rc1 (31. Re5 Qb7) 31... Qxb3 32. Bxc5 Nxa4
33. Qxd4 Nxc5 34. Rxc5 Qd1+ 35. Kh2 Qxe2 36. Qd7+ Kf6 37. Rxc8 Rxc8 38. Qxc8 h6
39. Qd8+ Kg6 40. Qxa5 (40. b6 Qb2 41. Qc7) 40... Qe3 41. Qc7 h5 42. b6 h4 43.
Qc6 Qxf4+ 44. Kh1 1/2-1/2

[Event "Open Est 2015-2016"]
[Site "Aubagne"]
[Date "2015.09.26"]
[Round "2.25"]
[White "Rando, Mathias"]
[Black "Richert, Sebastien"]
[Result "0-1"]
[WhiteElo "1220"]
[BlackElo "1442"]
[PlyCount "42"]
[EventDate "2015.10.10"]
[WhiteTeam "Club Provence Echecs"]
[BlackTeam "Cercle d'Echecs Aubagnais"]

1. d4 d5 2. Nc3 Nf6 3. Nf3 Nc6 4. Bg5 e6 5. Bxf6 Qxf6 6. e3 Bb4 7. a3 Ba5 8. b4
Bb6 9. Qd3 a5 10. b5 Ne7 11. e4 dxe4 12. Nxe4 Qf5 13. Be2 O-O 14. O-O Bd7 15.
Nh4 Qd5 16. c4 Qxd4 17. Qf3 f5 18. Bd3 fxe4 19. Qe3 Qxe3 20. fxe3 Bxe3+ 21. Kh1
exd3 0-1

[Event "Open Est 2015-2016"]
[Site "Aubagne"]
[Date "2015.09.26"]
[Round "2.26"]
[White "Periale, Francine"]
[Black "Ralijaona, Gabriela"]
[Result "0-1"]
[WhiteElo "1215"]
[BlackElo "1421"]
[PlyCount "68"]
[EventDate "2015.10.10"]
[WhiteTeam "Cercle d'Echecs Aubagnais"]
[BlackTeam "Marseille Passion Echecs"]

1. f4 Nf6 2. Nf3 d5 3. e3 Bg4 4. b3 Nc6 5. Bb5 a6 6. Bxc6+ bxc6 7. Bb2 Qd6 8.
O-O c5 9. d3 Nh5 10. Nbd2 d4 11. Qe1 e6 12. exd4 Nxf4 13. Qg3 Ne2+ 14. Kf2 Nxg3
15. hxg3 cxd4 16. Rae1 Be7 17. Re4 Bxf3 18. Nxf3 Qc5 19. Rc1 Bf6 20. Ke2 Rd8
21. a3 a5 22. c3 dxc3 23. Rc4 Qd6 24. Bxc3 Bxc3 25. R1xc3 Qxg3 26. Rxc7 O-O 27.
Kf1 h5 28. R7c5 Rd5 29. d4 Rxc5 30. dxc5 Rc8 31. b4 axb4 32. axb4 Qg6 33. Ne5
Qb1+ 34. Kf2 Qb2+ 0-1

[Event "Open Est 2015-2016"]
[Site "Aubagne"]
[Date "2015.09.26"]
[Round "2.28"]
[White "Yahia Amar, Mathieu"]
[Black "Belaid, Myriam"]
[Result "1-0"]
[WhiteElo "1150"]
[BlackElo "1399"]
[PlyCount "31"]
[EventDate "2015.10.10"]
[WhiteTeam "L'Echiquier du Roy René"]
[BlackTeam "Club Provence Echecs"]

1. d4 d5 2. c4 Nc6 3. Nf3 Be6 4. Nc3 Qd7 5. Bf4 g6 6. e3 dxc4 7. d5 Bxd5 8.
Qxd5 Qc8 9. Bxc4 Bg7 10. Qxf7+ Kd7 11. Rd1+ Bd4 12. Nxd4 Nd8 13. Ndb5+ Kc6 14.
Qd5+ Kb6 15. Na4+ Ka5 16. Nbc3+ 1-0

[Event "Open Est 2015-2016"]
[Site "Aubagne"]
[Date "2015.10.10"]
[Round "2.29"]
[White "Christophe Danthier"]
[Black "Renaud Mauger"]
[Result "1/2-1/2"]
[WhiteElo "1140"]
[BlackElo "1399"]
[PlyCount "147"]
[EventDate "2015.10.10"]

1. d4 Nf6 2. Nc3 g6 3. e4 d6 4. Bg5 Bg7 5. Bxf6 Bxf6 6. Nf3 Nd7 7. Qe2 a6 8. e5
dxe5 9. dxe5 Bg7 10. e6 fxe6 11. Qxe6 Nc5 12. Qd5 Ne6 13. O-O-O Qxd5 14. Nxd5
Bd7 15. Re1 O-O-O 16. Nxe7+ Kb8 17. Nd5 Nd4 18. Nxd4 Rhe8 19. Nf3 Bc6 20. Rxe8
Rxe8 21. Nb4 Bxf3 22. gxf3 Bh6+ 23. Kd1 Rd8+ 24. Bd3 c5 25. Nxa6+ bxa6 26. Ke2
a5 27. Rd1 Re8+ 28. Be4 Kc7 29. Rd5 Kb6 30. Rd7 Bf4 31. Rxh7 g5 32. Rh6+ Kb5
33. h4 Rd8 34. Bd3+ Kb4 35. c3+ Ka4 36. c4 Re8+ 37. Kf1 Bd2 38. Bc2+ Kb4 39.
hxg5 Bxg5 40. Rb6+ Kxc4 41. b3+ Kc3 42. Be4 Rh8 43. Ra6 Kb4 44. a3+ Kxb3 45.
Rxa5 c4 46. Bf5 Bd2 47. Rb5+ Kc3 48. a4 Kd4 49. Be4 Bf4 50. a5 Rb8 51. Rb6 Rxb6
52. axb6 c3 53. b7 Bb8 54. Ke1 Kc4 55. Kd1 Bf4 56. Bc2 Be5 57. Ke2 Kd4 58. Bh7
Bh2 59. Kd1 Bb8 60. Kc2 Ba7 61. f4 Kd5 62. Kxc3 Ke6 63. f5+ Kf6 64. Bg6 Kg7 65.
f4 Bb8 66. Bh5 Bxf4 67. Bg4 Kf6 68. Kd4 Be5+ 69. Kc5 Bh2 70. Kb6 Kg5 71. f6
Kxf6 72. Ka7 Ke7 73. b8=Q Bxb8+ 74. Kxb8 1/2-1/2

[Event "Open Est 2015-2016"]
[Site "Aubagne"]
[Date "2015.09.26"]
[Round "2.30"]
[White "Benezra, Silke"]
[Black "Catanese, Sauveur"]
[Result "1-0"]
[WhiteElo "1361"]
[BlackElo "1140"]
[PlyCount "105"]
[EventDate "2015.10.10"]
[WhiteTeam "L'Echiquier du Roy René"]
[BlackTeam "Cercle d'Echecs Aubagnais"]

1. d4 g6 2. b3 Nf6 3. Bb2 Bg7 4. Nf3 O-O 5. e3 Nc6 6. Be2 d5 7. Nbd2 Re8 8. O-O
a5 9. a3 Bd7 10. c4 e6 11. c5 Na7 12. b4 Bb5 13. Bxb5 Nxb5 14. a4 Na7 15. b5 b6
16. Ba3 bxc5 17. Bxc5 Nd7 18. Nb3 Nxc5 19. Nxc5 Rb8 20. Qd2 c6 21. bxc6 Nxc6
22. Rab1 Rxb1 23. Rxb1 Qc8 24. Nb7 Qc7 25. Qc1 Rb8 26. Nc5 Rxb1 27. Qxb1 Qb8
28. Qxb8+ Nxb8 29. Nb7 Nc6 30. Nd2 e5 31. dxe5 Bxe5 32. Nb3 Bc7 33. Kf1 Kf8 34.
Ke2 Ke7 35. h3 h5 36. g4 h4 37. f3 g5 38. Kd3 f6 39. e4 Ke6 40. Nd4+ Nxd4 41.
Kxd4 Bb6+ 42. Kd3 Ke5 43. exd5 Kxd5 44. Ke2 Kd4 45. Nd6 Ke5 46. Nc4+ Kf4 47.
Nxb6 Kg3 48. Nd5 Kxh3 49. Kf2 Kh2 50. Nxf6 h3 51. Ne4 Kh1 52. Kf1 h2 53. Ng3#
1-0

[Event "Open Est 2015-2016"]
[Site "Aubagne"]
[Date "2015.09.26"]
[Round "2.31"]
[White "Yahia-Amar, Hocine"]
[Black "Reynaud, Jacques"]
[Result "0-1"]
[WhiteElo "1120"]
[BlackElo "1344"]
[PlyCount "66"]
[EventDate "2015.10.10"]
[WhiteTeam "L'Echiquier du Roy René"]
[BlackTeam "Cercle d'Echecs Aubagnais"]

1. d4 Nf6 2. Nc3 d5 3. Bg5 Bf5 4. Bxf6 exf6 5. g3 Bb4 6. Bg2 O-O 7. e3 Re8 8.
Nge2 c6 9. O-O Qd7 10. a3 Bd6 11. Qd2 Bh3 12. Nf4 Bxg2 13. Nxg2 Qh3 14. f4 Nd7
15. Rae1 Nf8 16. Qe2 Ne6 17. Qf3 a5 18. g4 Qxf3 19. Rxf3 h6 20. f5 Ng5 21. Rff1
Nh3+ 22. Kh1 b5 23. e4 b4 24. Rf3 Ng5 25. Rfe3 bxc3 26. e5 fxe5 27. dxe5 d4 28.
Rd3 cxb2 29. Rxd4 Bxe5 30. Rdd1 Nh3 31. Rd2 Bc3 32. Rxe8+ Rxe8 33. Rd1 Nf2+ 0-1

[Event "Open Est 2015-2016"]
[Site "Aubagne"]
[Date "2015.09.26"]
[Round "2.32"]
[White "Hristov, Ina"]
[Black "Bui, Christopher"]
[Result "0-1"]
[WhiteElo "1130"]
[BlackElo "1290"]
[PlyCount "54"]
[EventDate "2015.10.10"]
[WhiteTeam "Marseille Passion Echecs"]
[BlackTeam "Cercle d'Echecs Aubagnais"]

1. e4 e5 2. Bc4 Nc6 3. d3 Bc5 4. Nf3 d6 5. Nc3 Bd7 6. Bg5 f6 7. Bh4 Nge7 8. Nd2
Nd4 9. Qh5+ Ng6 10. Rc1 c6 11. Qd1 Qe7 12. h3 O-O-O 13. Ncb1 Nxh4 14. c3 Ne6
15. Rh2 Ng6 16. b4 Bb6 17. Qa4 Nc7 18. Na3 Qe8 19. Qd1 Be6 20. f3 Rf8 21. g4
Nf4 22. Qc2 d5 23. exd5 Bxd5 24. Kf1 h5 25. Rd1 hxg4 26. hxg4 Rh8 27. Rf2 Rh1#
0-1

[Event "Open Est 2015-2016"]
[Site "Aubagne"]
[Date "2015.09.26"]
[Round "2.33"]
[White "Frontera, Pierre"]
[Black "Belaid, Noa"]
[Result "1/2-1/2"]
[WhiteElo "1285"]
[BlackElo "1090"]
[PlyCount "123"]
[EventDate "2015.10.10"]
[WhiteTeam "Cercle d'Echecs Aubagnais"]
[BlackTeam "Club Provence Echecs"]

1. e4 e5 2. Nf3 Nc6 3. Bc4 Bc5 4. d3 h6 5. O-O Nf6 6. b3 Bd4 7. Nxd4 Nxd4 8. c3
Nc6 9. b4 O-O 10. Ba3 Re8 11. Nd2 d5 12. Bb3 Be6 13. h3 d4 14. Bxe6 Rxe6 15. c4
a6 16. Nb3 b5 17. Nc5 Re7 18. Qd2 bxc4 19. dxc4 Nd7 20. Rab1 Nxc5 21. bxc5 Rb8
22. Rxb8 Qxb8 23. Qd3 Nb4 24. Qb1 a5 25. Bc1 c6 26. a3 Na6 27. Qxb8+ Nxb8 28.
a4 Rb7 29. Bd2 Nd7 30. f4 Nxc5 31. fxe5 Nxe4 32. Bxa5 Ra7 33. Bb6 Rxa4 34. Bxd4
Rxc4 35. Be3 Nc5 36. g3 Rc3 37. Rc1 Rxc1+ 38. Bxc1 Nd3 39. Ba3 Nxe5 40. Bd6 f6
41. Kf2 Nc4 42. Bc5 Kf7 43. Ke2 Ke6 44. Bf8 Kf7 45. Bc5 Na5 46. Kd3 Nb7 47. Ba3
g5 48. g4 Kg6 49. Ke4 c5 50. Kd5 f5 51. Bxc5 Nxc5 52. Kxc5 fxg4 53. hxg4 h5 54.
gxh5+ Kxh5 55. Kd4 g4 56. Ke3 Kh4 57. Kf2 g3+ 58. Kg2 Kg4 59. Kg1 Kf4 60. Kg2
Kg4 61. Kg1 Kf3 62. Kf1 1/2-1/2

[Event "Open Est 2015-2016"]
[Site "Aubagne"]
[Date "2015.09.26"]
[Round "2.34"]
[White "Gianfranceschi, Gerard"]
[Black "Favarel-Lubeigt, Helina"]
[Result "0-1"]
[WhiteElo "1040"]
[BlackElo "1280"]
[PlyCount "48"]
[EventDate "2015.10.10"]
[WhiteTeam "Cercle d'Echecs Aubagnais"]
[BlackTeam "L'Echiquier du Roy René"]

1. e4 c6 2. d4 d5 3. Nc3 dxe4 4. Nxe4 Bf5 5. f3 Nf6 6. Nxf6+ exf6 7. Qe2+ Be7
8. c3 O-O 9. Be3 Re8 10. Qf2 c5 11. g4 Bd7 12. Bd3 cxd4 13. cxd4 f5 14. gxf5
Bh4 15. Qxh4 Qxh4+ 16. Kd2 Qe7 17. Re1 Qb4+ 18. Kd1 Ba4+ 19. b3 Qc3 20. Ne2
Qxd3+ 21. Kc1 Qxe3+ 22. Kb2 Qd2+ 23. Ka1 Rxe2 24. Rc1 Qb2# 0-1

[Event "Open Est 2015-2016"]
[Site "Aubagne"]
[Date "2015.09.26"]
[Round "2.35"]
[White "Cureau, Dominique"]
[Black "Denis, Alexandra"]
[Result "1-0"]
[WhiteElo "1278"]
[BlackElo "1060"]
[PlyCount "87"]
[EventDate "2015.10.10"]
[WhiteTeam "Echiquier Marseillais 1872"]
[BlackTeam "Marseille Passion Echecs"]

1. c4 e5 2. Nc3 Nf6 3. Nf3 Nc6 4. g3 Bc5 5. e3 O-O 6. Bg2 d6 7. O-O Bg4 8. Qc2
Qd7 9. a3 Bf5 10. d3 Rfe8 11. b4 Bb6 12. Nd5 Nxd5 13. cxd5 Ne7 14. e4 Bh3 15.
Ng5 Bxg2 16. Kxg2 h6 17. Nf3 f5 18. Qe2 Rf8 19. Be3 Nc8 20. Nh4 Bxe3 21. Qxe3
Ne7 22. f4 Rf6 23. fxe5 dxe5 24. Nf3 f4 25. Nxe5 fxe3 26. Nxd7 Rd6 27. Ne5 Rf8
28. Rxf8+ Kxf8 29. Re1 Ra6 30. Nc4 b5 31. Na5 Rf6 32. Rxe3 c6 33. dxc6 Nxc6 34.
Nxc6 Rxc6 35. d4 Rc2+ 36. Kh3 Rd2 37. d5 Ke7 38. Rf3 Rd4 39. Re3 Kd6 40. e5+
Kxd5 41. e6 Re4 42. Rxe4 Kxe4 43. e7 Kd5 44. e8=Q 1-0

[Event "Open Est 2015-2016"]
[Site "Aubagne"]
[Date "2015.09.26"]
[Round "2.36"]
[White "Salvi, Angele"]
[Black "Turpin, Isabelle"]
[Result "0-1"]
[WhiteElo "1030"]
[BlackElo "1263"]
[PlyCount "63"]
[EventDate "2015.10.10"]
[WhiteTeam "Cercle d'Echecs Aubagnais"]
[BlackTeam "Cercle d'Echecs Aubagnais"]

1. e4 d6 2. Nf3 c5 3. d4 Nf6 4. Nc3 cxd4 5. Nxd4 Bg4 6. f3 Bh5 7. Be3 e5 8. Nf5
g6 9. Ng3 Nbd7 10. Nxh5 Nxh5 11. Qd2 a6 12. Bc4 Qc7 13. b3 O-O-O 14. Bxf7 Nc5
15. Bd5 Kb8 16. O-O-O Qa5 17. Na4 Qc7 18. Nb2 Bg7 19. g4 Nf6 20. g5 Nxd5 21.
Qxd5 b5 22. Nd3 Nxd3+ 23. Qxd3 Rc8 24. Rd2 Rhd8 25. Rhd1 d5 26. exd5 e4 27.
fxe4 Qa5 28. Bf4+ Kb7 29. e5 Qxa2 30. c4 Qa3+ 31. Kb1 Rxd5 32. cxd5 0-1

[Event "Open Est 2015-2016"]
[Site "Aubagne"]
[Date "2015.09.26"]
[Round "2.38"]
[White "Auguste, Yvan"]
[Black "Gutman, Leni"]
[Result "0-1"]
[WhiteElo "1010"]
[BlackElo "1250"]
[PlyCount "38"]
[EventDate "2015.10.10"]
[WhiteTeam "Cercle d'Echecs Aubagnais"]
[BlackTeam "Marseille Echecs"]

1. Nf3 d5 2. e3 Bg4 3. Bd3 e5 4. e4 Nf6 5. Qe2 d4 6. Nxe5 Bxe2 7. Bxe2 Bd6 8.
Nd3 Nc6 9. O-O O-O 10. a4 Nxe4 11. Bf3 f5 12. Re1 Qh4 13. g3 Qe7 14. g4 Ne5 15.
Bg2 Nxd3 16. cxd3 Bxh2+ 17. Kxh2 Qh4+ 18. Bh3 Qxf2+ 19. Kh1 Ng3# 0-1

[Event "Open Est 2015-2016"]
[Site "Aubagne"]
[Date "2015.09.26"]
[Round "2.39"]
[White "Periale, Albert"]
[Black "Sid, Alexander"]
[Result "1-0"]
[WhiteElo "1249"]
[BlackElo "1020"]
[PlyCount "43"]
[EventDate "2015.10.10"]
[WhiteTeam "Cercle d'Echecs Aubagnais"]
[BlackTeam "Club Provence Echecs"]

1. d4 b6 2. e4 Bb7 3. Bd3 d6 4. Nf3 Nd7 5. c4 e6 6. Nc3 Be7 7. O-O h6 8. Re1
Ngf6 9. h3 O-O 10. Bf4 Nh7 11. Qd2 Ng5 12. Nxg5 Bxg5 13. Bxg5 hxg5 14. Ne2 d5
15. Ng3 Re8 16. e5 g6 17. f3 Qe7 18. Rac1 dxc4 19. Bxc4 Bxf3 20. gxf3 Nc5 21.
dxc5 Qxc5+ 22. Qe3 1-0

[Event "Open Est 2015-2016"]
[Site "Aubagne"]
[Date "2015.09.26"]
[Round "2.40"]
[White "Naam, Shedy"]
[Black "Pietrac, Christian"]
[Result "0-1"]
[WhiteElo "1009"]
[BlackElo "1232"]
[PlyCount "82"]
[EventDate "2015.10.10"]
[WhiteTeam "Cassis Echecs"]
[BlackTeam "Club d'Echecs de Miramas"]

1. d4 Nf6 2. Nc3 g6 3. Nf3 d6 4. e3 Bg7 5. Bb5+ c6 6. Ba4 O-O 7. e4 Qa5 8. Bg5
Nbd7 9. Bxf6 Nxf6 10. Ng5 h6 11. Nf3 Nxe4 12. O-O Nxc3 13. bxc3 Qxa4 14. Re1
Re8 15. Nh4 Qa5 16. Re2 Bg4 17. Re3 Bxd1 18. Rxd1 Qxa2 19. g3 Qxc2 20. Ree1
Qxc3 21. f4 Bxd4+ 22. Kf1 Qc4+ 23. Re2 a5 24. g4 Bc5 25. g5 Qxf4+ 26. Nf3 Qxf3+
27. Ke1 Bb4+ 28. Rdd2 Bxd2+ 29. Rxd2 Qh1+ 30. Ke2 Qxh2+ 31. Kd1 Qh5+ 32. Re2
Qxg5 33. Rd2 Ra6 34. Rh2 Rb6 35. Ke1 Rb1+ 36. Ke2 Rb2+ 37. Kd3 Rxh2 38. Kc3 Rh4
39. Kc2 Qg3 40. Kb2 Rh2+ 41. Kb1 Qg1# 0-1

[Event "Open Est 2015-2016"]
[Site "Aubagne"]
[Date "2015.09.26"]
[Round "2.41"]
[White "Denis, Karine"]
[Black "Pentcheff, Julie"]
[Result "1-0"]
[WhiteElo "1220"]
[BlackElo "1010"]
[PlyCount "47"]
[EventDate "2015.10.10"]
[WhiteTeam "Marseille Passion Echecs"]
[BlackTeam "Cassis Echecs"]

1. e4 d6 2. Bc4 e6 3. Nf3 Nf6 4. Nc3 Bd7 5. d4 Be7 6. O-O Nc6 7. Re1 O-O 8. e5
dxe5 9. Nxe5 Nxe5 10. Rxe5 Bd6 11. Re3 Bc6 12. Bd3 Ng4 13. Qxg4 f5 14. Qe2 Rf6
15. Rxe6 Bxh2+ 16. Kxh2 Rf7 17. d5 f4 18. Qe4 Qh4+ 19. Kg1 g6 20. dxc6 g5 21.
cxb7 Rb8 22. Re8+ Rxe8 23. Qxe8+ Kg7 24. b8=Q 1-0

[Event "Open Est 2015-2016"]
[Site "Aubagne"]
[Date "2015.11.07"]
[Round "3.1"]
[White "San-Nicolas, Robert"]
[Black "Panagiotopoulos, Christos"]
[Result "0-1"]
[WhiteElo "1412"]
[BlackElo "1751"]
[PlyCount "86"]
[EventDate "2015.10.10"]
[WhiteTeam "Cercle d'Echecs Aubagnais"]
[BlackTeam "Le Gambit Marseillais"]

1. d4 f5 2. b3 Nf6 3. Nf3 g6 4. Bb2 Bg7 5. c4 d5 6. e3 c6 7. Nc3 e6 8. Be2 O-O
9. Qc2 Ne4 10. cxd5 exd5 11. g3 a5 12. Na4 Nd7 13. h4 h5 14. Ba3 Re8 15. Bd3
Ndf6 16. Ne5 Rxe5 17. dxe5 Nd7 18. f4 Nxg3 19. Rh3 Ne4 20. O-O-O b5 21. Bxe4
fxe4 22. Qxc6 bxa4 23. Qxd5+ Kh7 24. Kb1 Ra6 25. e6 Qf6 26. Rd4 Rxe6 27. Bb2
axb3 28. axb3 Nb6 29. Qxa5 Qe7 30. Rd2 Bxb2 31. Rxb2 Rd6 32. Rh1 Bg4 33. Rd2
Qe6 34. Ka2 Rd3 35. Rxd3 exd3 36. Qd2 Be2 37. Qc3 Qxe3 38. Qc7+ Kh6 39. Qd8
Qd2+ 40. Ka1 Qc3+ 41. Ka2 d2 42. Rh3 Qa5+ 43. Kb2 Nc4+ 0-1

[Event "Open Est 2015-2016"]
[Site "Aubagne"]
[Date "2015.11.07"]
[Round "3.2"]
[White "Deregnaucourt, Yves"]
[Black "Gamblin, Vincent"]
[Result "1-0"]
[WhiteElo "1728"]
[BlackElo "1442"]
[PlyCount "43"]
[EventDate "2015.10.10"]
[WhiteTeam "ASPTT Marseille"]
[BlackTeam "Marseille Echecs"]

1. e4 c5 2. d4 cxd4 3. c3 dxc3 4. Nxc3 Nc6 5. Nf3 e6 6. Bc4 Nge7 7. Bg5 f6 8.
Be3 Ng6 9. O-O a6 10. Qe2 Be7 11. Rfd1 Qc7 12. Rac1 b5 13. Bb3 O-O 14. Nd4 Nxd4
15. Bxd4 Bb7 16. Nd5 Qb8 17. Nb6 Qf4 18. f3 Rad8 19. Nxd7 Rfe8 20. Bxe6+ Kh8
21. Be3 Qh4 22. g3 1-0